| 000 | 00852nam a2200229 a 4500 | ||
|---|---|---|---|
| 001 | 45353 | ||
| 003 | BD-RjUL | ||
| 005 | 20211209054011.0 | ||
| 008 | 16 r19571955enka b 101 0 eng | ||
| 035 | _a(BD-RjUL)45471 | ||
| 040 |
_aDLC _cOCP _dBD-RjUL _dSER _dUKM _beng |
||
| 041 | _aeng | ||
| 082 |
_a338.542 _223 _bBUS 1957 |
||
| 110 | 2 |
_aInternational Economic Association. _9130641 |
|
| 245 | 1 | 4 |
_aThe business cycle in the post-war world : _bproceedings of a conference held by the International Economic Association / _cedited by Erik Lundberg, assisted by A.D. Knox. |
| 260 |
_aLondon : _bSt. Martin's Press, _c1957 |
||
| 300 |
_axvi, 366 p. : _bill. ; _c23 cm. |
||
| 504 | _aIncludes bibliographies. Bibliographical footnotes. | ||
| 650 | 0 |
_aBusiness cycles _vCongresses _9138873 |
|
| 700 | 1 |
_aLundberg, Erik, _d1907- _9131458 |
|
| 942 |
_2ddc _cBK |
||
| 999 |
_c45353 _d45353 |
||